UBT Library

The Evolving science of management : (Record no. 42124)

000 -LEADER
fixed length control field 00711cam a2200229 i 4500
001 - CONTROL NUMBER
control field 1336730
005 - DATE AND TIME OF LATEST TRANSACTION
control field 20180208050212.0
008 - FIXED-LENGTH DATA ELEMENTS--GENERAL INFORMATION
fixed length control field 790522s1979 nyu b 011 0 eng
010 ## - LIBRARY OF CONGRESS CONTROL NUMBER
LC control number 79015784
020 ## - INTERNATIONAL STANDARD BOOK NUMBER
International Standard Book Number 0814455522 :
Terms of availability $24.95
040 ## - CATALOGING SOURCE
Original cataloging agency DLC
Transcribing agency DLC
Modifying agency DLC
041 ## - LANGUAGE CODE
Language code of text/sound track or separate title eng
043 ## - GEOGRAPHIC AREA CODE
Geographic area code n-us---
080 ## - UNIVERSAL DECIMAL CLASSIFICATION NUMBER
Universal Decimal Classification number 658.4 MEL
082 00 - DEWEY DECIMAL CLASSIFICATION NUMBER
Classification number 658.4 MEL
100 ## - Rafti
Rafti 54
101 ## - Shkurtesa
Shkurtesa MAN
245 04 - TITLE STATEMENT
Title The Evolving science of management :
Statement of responsibility, etc edited by Melvin Zimet and Ronald G. Greenwood.
504 ## - BIBLIOGRAPHY, ETC. NOTE
Bibliography, etc Includes bibliographical references and index.
906 ## - LOCAL DATA ELEMENT F, LDF (RLIN)
a 7
b cbc
c orignew
d 1
e ocip
f 19
g y-gencatlg
942 ## - ADDED ENTRY ELEMENTS (KOHA)
Source of classification or shelving scheme
Item type Books
Holdings
Withdrawn status Lost status Source of classification or shelving scheme Damaged status Not for loan Collection code Permanent location Current location Shelving location Date acquired Total Checkouts Full call number Barcode Date last seen Price effective from Koha item type
          Koleksioni i përgjithshem UBT - Lipjan UBT - Lipjan Koleksioni i përgjithshem 02/08/2018   658.4 MEL 002-2999230 02/08/2018 02/08/2018 Books
UBT Library © 2015-2024. All rights reserved University Education for Business and Technology